Biggest Cities by First and Last Letter - Statistics

General Stats
  • This quiz has been taken 13 times
  • The average score is 91 of 201
Answer Stats
Population City % Correct
18,960,744 B Beijing G
90%
3,121,707 B Buenos Aires S
90%
5,577,940 A Ahmedabad D
80%
1,136,210 A Amsterdam M
80%
5,666,264 B Bangkok K
80%
7,876,000 B Bogota A
80%
9,801,536 C Cairo O
80%
2,087,700 C Caracas S
80%
4,646,732 C Chennai I
80%
3,186,088 D Dakar R
80%
11,034,555 D Delhi I
80%
10,295,786 D Dhaka A
80%
16,096,724 G Guangzhou U
80%
5,242,897 H Harbin N
80%
2,137,847 H Havana A
80%
6,731,790 H Hyderabad D
80%
15,244,936 I Istanbul L
80%
2,948,160 I Izmir R
80%
7,860,781 J Johannesburg G
80%
18,868,021 K Karachi I
80%
7,273,947 K Kinshasa A
80%
12,243,111 L Lagos S
80%
8,776,535 L London N
80%
3,422,416 M Madrid D
80%
5,362,517 A Alexandria A
70%
3,146,164 A Athens S
70%
3,662,381 B Berlin N
70%
13,568,357 C Chengdu U
70%
1,414,913 D Damascus S
70%
1,242,600 D Dushanbe E
70%
1,491,754 H Harare E
70%
7,004,921 H Ho Chi Minh City Y
70%
1,108,872 I Islamabad D
70%
3,712,917 J Jeddah H
70%
2,952,301 K Kyiv V
70%
13,004,135 L Lahore E
70%
11,166,200 L Lima A
70%
4,585,537 M Melbourne E
70%
12,442,373 M Mumbai I
70%
4,397,073 N Nairobi I
70%
8,804,190 N New York K
70%
2,752,412 O Osaka A
70%
1,110,887 O Oslo O
70%
2,133,111 P Paris S
70%
6,730,660 R Rio de Janeiro O
70%
6,924,566 R Riyadh H
70%
21,909,814 S Shanghai I
70%
4,698,656 S Sydney Y
70%
3,112,748 T Tashkent T
70%
9,733,276 T Tokyo O
70%
1,861,599 W Warsaw W
70%
9,392,938 X Xian N
70%
5,616,633 A Abidjan N
60%
2,132,100 A Aleppo O
60%
2,348,103 A Almaty Y
60%
1,030,063 A Ashgabat T
60%
6,719,476 B Baghdad D
60%
4,227,569 B Bamako O
60%
9,580,819 C Chongqing G
60%
3,407,327 C Conakry Y
60%
5,383,728 D Dar Es Salaam M
60%
1,238,295 E Edmonton N
60%
3,691,999 F Faisalabad D
60%
9,236,032 H Hangzhou U
60%
7,413,070 H Hong Kong G
60%
9,607,787 J Jakarta A
60%
4,434,600 K Kabul L
60%
8,843,706 M Mexico City Y
60%
1,995,471 M Minsk K
60%
1,915,366 M Montreal L
60%
13,010,112 M Moscow W
60%
2,415,266 O Ouagadougou U
60%
1,608,139 P Phoenix X
60%
2,521,785 P Pyongyang G
60%
2,745,062 R Rome E
60%
11,887,070 S Sao Paulo O
60%
9,586,195 S Seoul L
60%
1,809,412 S Stockholm M
60%
2,594,581 T Taipei I
60%
2,765,600 Y Yaounde E
60%
8,443,675 B Bangalore E
50%
1,390,060 B Belem M
50%
5,630,256 C Changsha A
50%
1,200,000 F Freetown N
50%
4,239,711 I Ibadan N
50%
3,046,163 J Jaipur R
50%
1,410,858 K Khartoum M
50%
2,817,105 L Lucknow W
50%
2,553,600 M Medellin N
50%
1,650,227 M Mogadishu U
50%
1,488,719 M Munich H
50%
2,332,176 N Nagoya A
50%
2,189,460 P Phnom Penh H
50%
6,165,279 Q Qingdao O
50%
1,201,158 Q Qom M
50%
11,052,404 T Tianjin N
50%
6,461,013 Z Zhengzhou U
50%
1,750,000 A Abu Dhabi I
40%
1,245,011 A Adelaide E
40%
1,677,486 B Benin City Y
40%
1,716,961 B Bucharest T
40%
1,501,551 C Ciudad Juarez Z
40%
1,182,963 F Fes S
40%
2,578,480 F Fortaleza A
40%
2,650,288 G Guayaquil L
40%
2,511,118 G Gujranwala A
40%
5,765,401 K Kano O
40%
2,281,390 M Manaus S
40%
2,385,509 M Mecca A
40%
7,519,814 N Nanjing G
40%
1,446,761 N Nouakchott T
40%
1,132,969 P Panama City Y
40%
1,763,336 P Pretoria A
40%
3,124,458 P Pune E
40%
17,444,609 S Shenzhen N
40%
6,111,175 S Singapore E
40%
1,558,693 T Tabriz Z
40%
1,466,431 U Ulaanbaatar R
40%
3,842,560 U Urumqi I
40%
2,042,036 V Vienna A
40%
10,494,879 W Wuhan N
40%
4,584,622 Y Yangon N
40%
2,750,312 Z Zibo O
40%
1,184,788 A Ahvaz Z
30%
1,798,218 B Bhopal L
30%
4,557,356 C Changchun N
30%
9,644,871 D Dalian N
30%
1,680,723 G Gaziantep P
30%
4,021,275 G Guiyang G
30%
5,055,978 H Hefei I
30%
2,373,399 H Hohhot T
30%
1,964,086 I Indore E
30%
5,648,162 J Jinan N
30%
2,765,348 K Kanpur R
30%
5,273,144 K Kunming G
30%
2,262,600 M Maracaibo O
30%
1,226,076 N Nizhny Novgorod D
30%
1,849,659 O Omdurman N
30%
1,125,695 O Omsk K
30%
1,649,810 P Port Harcourt T
30%
1,565,546 Q Quetta A
30%
1,601,724 S Santa Cruz Z
30%
2,765,487 S Surabaya A
30%
4,467,797 S Surat T
30%
5,892,892 S Suzhou U
30%
1,810,645 T Tijuana A
30%
1,198,491 V Varanasi I
30%
1,028,036 V Volgograd D
30%
1,057,681 V Voronezh H
30%
2,845,552 X Xuzhou U
30%
2,067,254 Y Yangzhou U
30%
1,405,123 Z Zaria A
30%
1,132,383 A Amritsar R
20%
1,189,525 C Chelyabinsk K
20%
2,410,700 D Daegu U
20%
1,809,505 D Datong G
20%
1,848,947 D Davao O
20%
3,723,454 F Fuzhou U
20%
3,012,577 L Lanzhou U
20%
2,743,843 L Linyi I
20%
2,230,661 L Luoyang G
20%
1,305,429 M Meerut T
20%
2,405,665 N Nagpur R
20%
3,731,203 N Ningbo O
20%
1,034,002 P Perm M
20%
1,905,975 P Peshawar R
20%
1,029,522 Q Qiqihar R
20%
1,286,678 R Rajkot T
20%
3,357,612 R Rawalpindi I
20%
2,564,200 S Salvador R
20%
7,026,358 S Shenyang G
20%
3,033,840 T Taichung G
20%
1,485,502 T Taizhou U
20%
1,144,809 U Ufa A
20%
1,728,128 V Visakhapatnam M
20%
1,686,403 X Xiangyang G
20%
1,480,754 X Xingtai I
20%
2,311,885 Y Yantai I
20%
1,400,709 Z Zhanjiang G
20%
1,187,772 A Anyang G
10%
1,162,472 D Dhanbad D
10%
1,191,810 F Fuyang G
10%
1,361,244 G Guilin N
10%
1,579,000 G Gwalior R
10%
1,143,833 J Jos S
10%
1,525,152 K Kobe E
10%
1,187,771 K Krasnoyarsk K
10%
1,331,391 M Makassar R
10%
1,549,499 M Mianyang G
10%
1,539,389 P Putian N
10%
1,469,157 Q Quanzhou U
10%
1,010,433 R Raipur R
10%
1,142,162 R Rostov-on-Don N
10%
1,080,990 S Sao Luis S
10%
1,275,428 T Tangier R
10%
1,135,423 U Ulsan N
10%
1,998,405 W Weifang G
10%
2,582,017 W Wenzhou U
10%
2,207,090 Z Zhuhai I
10%
3,084,270 Q Quezon City Y
0%
1,544,376 Y Yekaterinburg G
0%
No matching quizzes found
Score Distribution
Percent of People with Each Score
Percentile by Number Answered
Your Score History
You have not taken this quiz